[Event "World Senior 65+ 2014"]
[Site "Katerini GRE"]
[Date "2014.10.27"]
[Round "4.43"]
[White "Pitzl, Konstantinos"]
[Black "Urbanc, Vinko"]
[Result "1/2-1/2"]
[WhiteElo "2048"]
[BlackElo "1849"]
[WhiteFideId "1627112"]
[BlackFideId "14607425"]
[EventDate "2014.10.24"]

1. Nf3 Nf6 2. c4 g6 3. g3 Bg7 4. Bg2 O-O 5. O-O d5 6. cxd5 Nxd5 7. Nc3 c5 8. Qb3
Nxc3 9. bxc3 Nc6 10. d3 Qc7 11. Be3 b6 12. Rac1 Bb7 13. d4 Na5 14. Qb1 c4 15.
Bf4 Qd7 16. e4 f6 17. Be3 Rad8 18. Nd2 Rfe8 19. f4 e5 20. fxe5 fxe5 21. d5 Rf8
22. Nf3 h6 23. Qc2 Bc8 24. Nh4 Kh7 25. Qd2 Nb7 26. h3 Qd6 27. g4 Nc5 28. Rxf8
Rxf8 1/2-1/2

[Event "World Senior 65+ 2014"]
[Site "Katerini GRE"]
[Date "2014.10.27"]
[Round "4.44"]
[White "Filzmaier, Bruno"]
[Black "Susanto, Budhi"]
[Result "0-1"]
[WhiteElo "1846"]
[BlackElo "1724"]
[WhiteFideId "1607685"]
[BlackFideId "7104979"]
[EventDate "2014.10.24"]

1. a3 Nf6 2. d4 g6 3. e3 Bg7 4. Nf3 O-O 5. b4 d5 6. Bb2 Nbd7 7. h3 Ne4 8. Nbd2
Ndf6 9. c4 c6 10. Be2 Bf5 11. O-O Rc8 12. Rc1 b6 13. cxd5 cxd5 14. Qa4 Ra8 15.
Bb5 a5 16. Bc6 Ra7 17. b5 Qd6 18. Nxe4 Bxe4 19. Ne5 Rc7 20. g4 g5 21. Qb3 Rd8
22. Rc3 h5 23. f3 Bg6 24. Rf2 h4 25. a4 Nh7 26. Ba3 Qe6 27. Nxg6 Qxg6 28. Qc2
Qe6 29. Qf5 Qxf5 30. gxf5 Nf6 31. Rg2 Nh7 32. Rd3 Bf6 33. Bb2 Kf8 34. Re2 Bg7
35. e4 Nf6 36. e5 Nh5 37. Bc1 Ng3 38. Rf2 f6 39. f4 Bh6 40. fxg5 fxg5 41. Rdf3
Kf7 42. Be3 Ne4 43. Rc2 Kg7 44. Kh2 Ng3 45. Bf2 Ne4 46. Be1 Rf8 47. Rg2 e6 48.
f6+ Kf7 49. Rc2 Rfc8 50. Rf1 Bf8 51. Kg2 Bb4 52. Bxb4 axb4 53. Rb1 Kg6 54. Rxb4
Kf5 55. Rb1 g4 56. Rf1+ Kg5 57. f7 Rf8 58. Ra2 Rcxf7 59. Rxf7 Rxf7 60. hxg4 Kxg4
61. a5 bxa5 62. Rxa5 Rf2+ 63. Kg1 h3 0-1

[Event "World Senior 65+ 2014"]
[Site "Katerini GRE"]
[Date "2014.10.27"]
[Round "4.45"]
[White "Shamis, Mordehay"]
[Black "Rozewicz, Joseph"]
[Result "1-0"]
[WhiteElo "1824"]
[BlackElo "1576"]
[WhiteFideId "2808374"]
[BlackFideId "403318"]
[EventDate "2014.10.24"]

1. e4 c5 2. Nf3 a6 3. c4 Nc6 4. Nc3 e6 5. g3 g6 6. d4 cxd4 7. Nxd4 Bg7 8. Be3
Nge7 9. Bg2 Qc7 10. Qd2 Nxd4 11. Bxd4 e5 12. Be3 Qxc4 13. Rc1 Qe6 14. Bh6 O-O
15. h4 Qf6 16. Bg5 Qe6 17. Bh3 f5 18. O-O Qf7 19. Qd6 Re8 20. Bxe7 Qxe7 21. Qxe7
Rxe7 22. exf5 gxf5 23. Nd5 Rf7 24. Nb6 1-0

[Event "World Senior 65+ 2014"]
[Site "Katerini GRE"]
[Date "2014.10.28"]
[Round "5.1"]
[White "Zhelnin, Vladimir V"]
[Black "Vaisser, Anatoly"]
[Result "1/2-1/2"]
[WhiteTitle "IM"]
[BlackTitle "GM"]
[WhiteElo "2471"]
[BlackElo "2531"]
[WhiteFideId "4105567"]
[BlackFideId "603252"]
[EventDate "2014.10.24"]

1. e4 e6 2. d4 d5 3. e5 c5 4. c3 Qb6 5. Nf3 Nc6 6. a3 c4 7. g3 Na5 8. Nbd2 Bd7
9. Bg2 Ne7 10. O-O h6 11. Re1 O-O-O 12. Rb1 Kb8 13. h4 Nc8 14. Qc2 Qc7 15. Nf1
Nb6 16. Bf4 Be7 17. Qe2 Rdg8 18. N3d2 Ba4 19. Rbc1 Qd7 20. Nh2 Qb5 21. Ndf1 Qb3 1/2-1/2

[Event "World Senior 65+ 2014"]
[Site "Katerini GRE"]
[Date "2014.10.28"]
[Round "5.2"]
[White "Suba, Mihai"]
[Black "Vasiukov, Evgeni"]
[Result "1-0"]
[WhiteTitle "GM"]
[BlackTitle "GM"]
[WhiteElo "2341"]
[BlackElo "2448"]
[WhiteFideId "1203363"]
[BlackFideId "4100522"]
[EventDate "2014.10.24"]

1. c4 e5 2. Nc3 Nf6 3. Nf3 Nc6 4. a3 d5 5. cxd5 Nxd5 6. Qc2 Be7 7. e3 a6 8. Nxd5
Qxd5 9. Bd3 Bd7 10. b4 Qe6 11. Bb2 Bd6 12. h3 Qe7 13. Be4 O-O-O 14. O-O Rhe8 15.
Rfe1 Qf8 16. d4 exd4 17. Nxd4 Nxd4 18. Bxd4 f5 19. Bd3 Kb8 20. Rab1 Be5 21. Rec1
Qf6 22. b5 axb5 23. Bxb5 Bxb5 24. Rxb5 c6 25. Qxc6 Qxc6 26. Rxc6 Bxd4 27. exd4
Re1+ 28. Kh2 g6 29. Rc4 Rd1 30. Rcb4 Rd7 31. a4 Rd3 32. h4 Kc8 33. f3 R3xd4 34.
h5 Rxb4 35. Rxb4 Kc7 36. Kg3 Rd2 37. hxg6 hxg6 38. a5 Ra2 39. Rb5 Ra4 40. f4 Ra2
41. Kh3 Ra4 42. g3 Kc6 43. Re5 Kc7 44. Kh4 Ra3 45. g4 fxg4 46. Kxg4 Ra1 47. Kg5
Rg1+ 48. Kf6 Rg4 49. Re4 g5 50. Re7+ Kd6 51. f5 Ra4 52. Rxb7 g4 53. Rb3 Rxa5 54.
Rd3+ Rd5 55. Re3 Rd1 56. Kg7 Rd5 57. Kg6 Re5 58. Rd3+ Rd5 59. Re3 Re5 60. Ra3
Ke7 61. f6+ 1-0

[Event "World Senior 65+ 2014"]
[Site "Katerini GRE"]
[Date "2014.10.28"]
[Round "5.3"]
[White "Pushkov, Nikolai"]
[Black "Balashov, Yuri S"]
[Result "0-1"]
[WhiteTitle "GM"]
[BlackTitle "GM"]
[WhiteElo "2306"]
[BlackElo "2429"]
[WhiteFideId "4117131"]
[BlackFideId "4100263"]
[EventDate "2014.10.24"]

1. d4 Nf6 2. c4 e6 3. Nf3 c5 4. Nc3 cxd4 5. Nxd4 Bb4 6. Nb5 d5 7. cxd5 exd5 8.
Bg5 O-O 9. Rc1 Nc6 10. e3 a6 11. Nd4 h6 12. Bxf6 Qxf6 13. a3 Bxc3+ 14. Rxc3 Re8
15. Nxc6 bxc6 16. Be2 a5 17. O-O Ba6 18. Re1 Bxe2 19. Rxe2 Rab8 20. Qc2 Rb6 21.
h3 Re4 22. Rd2 g6 23. Rc5 a4 24. Qc3 Qxc3 25. Rxc3 Kf8 26. Kf1 f5 27. g3 Ke7 28.
Ke2 Kd6 29. h4 Rb5 30. Kd1 c5 31. Kc1 Kc6 32. f3 Re7 33. Rg2 c4 34. f4 h5 35.
Rgc2 Kc5 36. Kd2 Rb6 37. Kc1 Rbe6 38. Kd2 Kb5 39. Rc1 Re4 40. Rd1 Kc5 41. Rdc1
Re8 42. R1c2 R4e7 43. Rc1 Rb7 44. R1c2 Reb8 45. Kc1 Rb6 46. Kb1 Re6 47. Kc1 Re4
48. Kd2 Kb5 49. Kc1 Rbe8 50. Rd2 Kc5 51. Re2 d4 52. exd4+ Kd5 53. Rxe4 fxe4 0-1

[Event "World Senior 65+ 2014"]
[Site "Katerini GRE"]
[Date "2014.10.28"]
[Round "5.4"]
[White "Filipenko, Alexander V"]
[Black "Kupreichik, Viktor D"]
[Result "0-1"]
[WhiteTitle "IM"]
[BlackTitle "GM"]
[WhiteElo "2292"]
[BlackElo "2405"]
[WhiteFideId "4104471"]
[BlackFideId "13500066"]
[EventDate "2014.10.24"]

1. e4 c5 2. Nf3 e6 3. d4 cxd4 4. Nxd4 Nc6 5. Nc3 Qc7 6. f4 a6 7. Nxc6 Qxc6 8.
Bd3 b5 9. Qe2 Bb7 10. Bd2 Ne7 11. a3 Ng6 12. O-O-O b4 13. axb4 Bxb4 14. g3 Rb8
15. h4 h5 16. Rhf1 Qc5 17. Nb1 Bc6 18. Bxb4 Rxb4 19. Nd2 O-O 20. Qf2 Qa5 21. Nc4
Qa2 22. f5 Ne5 23. Nxe5 Qxb2+ 24. Kd2 Qxe5 25. fxe6 dxe6 26. Qf4 Qa5 27. Ke2
Bxe4 28. Bxe4 f5 29. Qd6 Rxe4+ 30. Kf2 Rc8 31. Kg1 Rxc2 32. Qb8+ Kh7 33. Rd8
Qc5+ 34. Kh1 Rxh4+ 0-1

[Event "World Senior 65+ 2014"]
[Site "Katerini GRE"]
[Date "2014.10.28"]
[Round "5.5"]
[White "Van Riemsdijk, Herman C."]
[Black "Vogel, Jaap"]
[Result "1-0"]
[WhiteTitle "IM"]
[BlackTitle "FM"]
[WhiteElo "2339"]
[BlackElo "2239"]
[WhiteFideId "2100053"]
[BlackFideId "1000764"]
[EventDate "2014.10.24"]

1. e4 e6 2. d4 d5 3. Nc3 Bb4 4. e5 c5 5. a3 Bxc3+ 6. bxc3 Qa5 7. Bd2 Qa4 8. h4
Ne7 9. h5 h6 10. Nf3 Nbc6 11. Rh4 c4 12. Rf4 Bd7 13. Nh4 g5 14. hxg6 Nxg6 15.
Nxg6 fxg6 16. Rf6 Ne7 17. g3 O-O-O 18. Bh3 Rdf8 19. Qf3 Nf5 20. Rxf8+ Rxf8 21.
g4 Qxc2 22. Rc1 Qa4 23. gxf5 gxf5 24. Qd1 Qa5 25. Qh5 Qxa3 26. Bf1 a5 27. Bxh6
a4 28. Qg5 f4 29. Kd2 Rf5 30. Qg8+ Kc7 31. Be2 Qe7 32. Bf3 Qh4 33. Bf8 Qxf2+ 34.
Be2 Qe3+ 35. Kd1 f3 36. Bd6+ Kc6 37. Bf1 Qf2 38. Qb8 Qxf1+ 39. Kc2 Qd3+ 40. Kb2
Kb6 41. Bc5+ 1-0

[Event "World Senior 65+ 2014"]
[Site "Katerini GRE"]
[Date "2014.10.28"]
[Round "5.6"]
[White "Singer, Hans"]
[Black "Zakharov, Alexander"]
[Result "1/2-1/2"]
[WhiteTitle "FM"]
[BlackTitle "IM"]
[WhiteElo "2207"]
[BlackElo "2331"]
[WhiteFideId "1600800"]
[BlackFideId "4103564"]
[EventDate "2014.10.24"]

1. Nf3 g6 2. d4 Bg7 3. e4 d6 4. Be2 c5 5. O-O cxd4 6. Nxd4 Nc6 7. Be3 Nf6 8. Nc3
O-O 9. f4 a6 10. Qd2 Bd7 11. Kh1 Rc8 12. Nb3 b5 13. a3 Qc7 14. Bf3 Bg4 15. Bxg4
Nxg4 16. Bg1 Nf6 17. Rfe1 e6 18. Bf2 d5 19. exd5 exd5 20. Bh4 Ne4 21. Nxe4 dxe4
22. c3 Rfe8 23. Nc5 Na5 24. Nxa6 Qb6 25. Nb4 Nb3 26. Qd7 Nxa1 27. Rxa1 Qc7 28.
Qxc7 Rxc7 29. Rd1 e3 30. Be1 h6 31. Kg1 g5 32. fxg5 hxg5 33. Rd5 Re5 34. g4 Rce7
35. Kf1 e2+ 36. Kf2 Re4 37. h3 Rf4+ 38. Kg2 Rf1 39. Nc2 Re5 40. Rd3 f5 41. gxf5
Rfxf5 42. Rf3 Rf7 43. Rxf7 Kxf7 44. Kf3 Re8 45. h4 gxh4 46. Bxh4 Bh6 47. Be1 Bc1
48. b4 Re5 49. Nd4 Bxa3 50. Nxe2 Bc1 51. Bg3 Re3+ 52. Kf2 Bd2 53. Bf4 1/2-1/2

[Event "World Senior 65+ 2014"]
[Site "Katerini GRE"]
[Date "2014.10.28"]
[Round "5.7"]
[White "Klundt, Klaus"]
[Black "Gergel, Vladimir P"]
[Result "0-1"]
[WhiteTitle "IM"]
[BlackTitle "FM"]
[WhiteElo "2325"]
[BlackElo "2202"]
[WhiteFideId "4600436"]
[BlackFideId "14100550"]
[EventDate "2014.10.24"]

1. e4 e5 2. Nf3 Nc6 3. Bb5 a6 4. Ba4 Nf6 5. O-O b5 6. Bb3 Bc5 7. Nc3 d6 8. d3
Bg4 9. Bg5 Nd4 10. Nd5 c6 11. Ne3 Nxf3+ 12. gxf3 Bh3 13. Ng2 h6 14. Be3 Nh5 15.
f4 Bxg2 16. Kxg2 Nxf4+ 17. Bxf4 exf4 18. d4 Bb6 19. Kh1 O-O 20. Rg1 Qe7 21. f3
Qf6 22. c3 c5 23. Bd5 Rab8 24. dxc5 Bxc5 25. Rg2 b4 26. Rc1 bxc3 27. Rxc3 Rxb2 0-1

[Event "World Senior 65+ 2014"]
[Site "Katerini GRE"]
[Date "2014.10.28"]
[Round "5.8"]
[White "Pritchett, Craig W"]
[Black "Agzamov, Valeriy"]
[Result "1/2-1/2"]
[WhiteTitle "IM"]
[WhiteElo "2315"]
[BlackElo "2191"]
[WhiteFideId "2400065"]
[BlackFideId "14200449"]
[EventDate "2014.10.24"]

1. e4 e5 2. Nf3 Nc6 3. Bb5 a6 4. Ba4 Nf6 5. O-O Be7 6. Re1 b5 7. Bb3 O-O 8. a4
Bb7 9. d3 d6 10. c3 Na5 11. Bc2 c5 12. Nbd2 Re8 13. Nf1 Bf8 14. Bd2 g6 15. h3
Bg7 16. b4 cxb4 17. cxb4 Nc6 18. axb5 axb5 19. Bb3 d5 20. Rxa8 Bxa8 21. Qb1 Re7
22. exd5 Nxd5 23. Bg5 Nf6 24. Ng3 h6 25. Bxf6 Bxf6 26. d4 Kg7 27. dxe5 Nxe5 28.
Nxe5 Bxe5 29. Rd1 Qb6 30. Qd3 h5 31. Nf1 Be4 32. Qd2 Qf6 33. Ng3 Bc6 34. Qc2 h4
35. Nf1 Rc7 36. Qe2 Re7 37. Qg4 Bc7 38. Bd5 Bb6 39. Ne3 Bxe3 40. fxe3 Bxd5 41.
Rxd5 Rxe3 42. Qd4 Re1+ 43. Kh2 Qxd4 44. Rxd4 Rb1 45. Rxh4 Rc1 46. Kg3 Rc4 47.
Kh2 f5 1/2-1/2

[Event "World Senior 65+ 2014"]
[Site "Katerini GRE"]
[Date "2014.10.28"]
[Round "5.9"]
[White "Malisov, Boris"]
[Black "Serra Olives, Tomas"]
[Result "1/2-1/2"]
[BlackTitle "FM"]
[WhiteElo "2250"]
[BlackElo "2156"]
[WhiteFideId "2802503"]
[BlackFideId "2203774"]
[EventDate "2014.10.24"]

1. e4 c5 2. Nc3 e6 3. f4 d5 4. Nf3 dxe4 5. Nxe4 Be7 6. Ne5 Nf6 7. Ng5 O-O 8. g3
Nfd7 9. Nef3 e5 10. d3 exf4 11. gxf4 Bxg5 12. fxg5 Re8+ 13. Be2 Qe7 14. Bf4 Nb6
15. c4 Bg4 16. Kf2 Nc6 17. Re1 Qd7 18. Nh4 Rxe2+ 19. Rxe2 Nd4 20. Re7 Qxe7 21.
Qxg4 Re8 22. b3 Nd7 23. Ng2 Nf8 24. Re1 Qd8 25. Rxe8 Qxe8 26. Ne3 Ng6 27. Bg3
Qe6 1/2-1/2

[Event "World Senior 65+ 2014"]
[Site "Katerini GRE"]
[Date "2014.10.28"]
[Round "5.10"]
[White "Danielsson, Robert"]
[Black "Rooze, Jan"]
[Result "0-1"]
[BlackTitle "IM"]
[WhiteElo "2115"]
[BlackElo "2341"]
[WhiteFideId "1711490"]
[BlackFideId "200050"]
[EventDate "2014.10.24"]

1. Nf3 Nf6 2. c4 c5 3. g3 b6 4. Bg2 Bb7 5. O-O e6 6. Nc3 Be7 7. d4 cxd4 8. Qxd4
d6 9. Bg5 a6 10. Bxf6 Bxf6 11. Qf4 O-O 12. Rfd1 Be7 13. Ne4 Bxe4 14. Qxe4 Ra7
15. Nd4 Rc7 16. b3 Re8 17. a4 Rc5 18. Qb1 Qc8 19. Ra2 Nd7 20. Rc2 Ne5 21. h3 h5
22. e3 Bf8 23. Qa2 Rc7 24. Rcd2 Nd7 25. Nf3 Nf6 26. Ng5 Rc5 27. Ne4 Nxe4 28.
Bxe4 b5 29. cxb5 axb5 30. Bd3 bxa4 31. bxa4 Qa8 32. Bb5 Rec8 33. Qb2 h4 34. g4
Qf3 35. Kh2 Rc3 36. Qb4 d5 37. Qf4 Qxf4+ 38. exf4 Bd6 39. Rd4 g5 40. Kg2 gxf4
41. Be2 R8c5 42. Bf3 Ra3 43. R1d3 Ra2 44. Rd2 Rcc2 45. Rxc2 Rxc2 46. Bd1 Ra2 47.
Bb3 Ra3 48. Bd1 Kg7 49. Rd2 Kf6 50. f3 Ke5 51. Kf1 Bc5 52. Rc2 Kd6 53. Rb2 e5
54. Rd2 f6 55. Kg2 Be3 56. Re2 e4 57. Re1 Ra2+ 58. Re2 Ra1 59. Re1 Bd2 60. Rf1
Ra2 61. Kg1 Ke5 62. Kh1 Ba5 63. Bb3 Rb2 64. Bd1 e3 0-1

[Event "World Senior 65+ 2014"]
[Site "Katerini GRE"]
[Date "2014.10.28"]
[Round "5.11"]
[White "Gruzmann, Boris"]
[Black "Batakovs, Olegs"]
[Result "0-1"]
[WhiteTitle "FM"]
[WhiteElo "2246"]
[BlackElo "2098"]
[WhiteFideId "4105290"]
[BlackFideId "11600888"]
[EventDate "2014.10.24"]

1. e4 c5 2. Nf3 e6 3. d4 cxd4 4. Nxd4 Nc6 5. Nb3 Nf6 6. Nc3 a6 7. Bd3 Be7 8. O-O
O-O 9. f4 d6 10. Qf3 Qc7 11. Bd2 Re8 12. Rae1 Nd7 13. Qh3 Nf8 14. Rf3 b5 15. a3
b4 16. axb4 Nxb4 17. e5 Nxd3 18. Rxd3 Bb7 19. Kh1 Red8 20. Rg3 Ng6 21. exd6 Bxd6
22. Ne2 Nxf4 23. Qg4 Ng6 24. Ba5 Qxc2 25. Rc3 Qxb2 26. Bxd8 Rxd8 27. Rh3 Be5 28.
Nbc1 Qc2 29. Rg1 Rd1 30. Nb3 Rxg1+ 31. Nxg1 Nf4 32. Rg3 g6 0-1

[Event "World Senior 65+ 2014"]
[Site "Katerini GRE"]
[Date "2014.10.28"]
[Round "5.12"]
[White "Harding, Tim D"]
[Black "Peretz, Malkiel"]
[Result "0-1"]
[BlackTitle "FM"]
[WhiteElo "2095"]
[BlackElo "2240"]
[WhiteFideId "2500256"]
[BlackFideId "2800446"]
[EventDate "2014.10.24"]

1. d4 Nf6 2. c4 e6 3. g3 d5 4. Bg2 c5 5. Nf3 cxd4 6. Nxd4 e5 7. Nb3 d4 8. O-O
Nc6 9. e3 Bg4 10. f3 Be6 11. exd4 Nxd4 12. Nxd4 Bc5 13. Kh1 Bxd4 14. Na3 O-O 15.
Qe2 Qb6 16. f4 exf4 17. Rxf4 Rfe8 18. Qf1 Rad8 19. Nc2 Be5 20. b3 Bxa1 21. Nxa1
Bg4 22. Bd5 Nxd5 23. Rxg4 Ne3 24. Rxg7+ Kxg7 25. Bb2+ f6 0-1

[Event "World Senior 65+ 2014"]
[Site "Katerini GRE"]
[Date "2014.10.28"]
[Round "5.13"]
[White "Lederman, Leon"]
[Black "Reuben, Stewart"]
[Result "1-0"]
[WhiteTitle "IM"]
[BlackTitle "CM"]
[WhiteElo "2233"]
[BlackElo "2089"]
[WhiteFideId "2800403"]
[BlackFideId "405256"]
[EventDate "2014.10.24"]

1. e4 c5 2. Nf3 g6 3. d4 Bg7 4. Nc3 cxd4 5. Nxd4 Nc6 6. Be3 Nf6 7. Bc4 O-O 8.
Bb3 a6 9. f3 Qc7 10. Qd2 b5 11. O-O-O Bb7 12. h4 Na5 13. Nde2 Nxb3+ 14. axb3
Rac8 15. Nf4 e5 16. Nfd5 Nxd5 17. Nxd5 Bxd5 18. exd5 d6 19. c3 f5 20. Kc2 a5 21.
Ra1 Ra8 22. Qd3 Qd7 23. Ra2 a4 24. b4 Rfc8 25. Rha1 Rc7 26. Ra3 Rac8 27. Rh1 Rc4
28. Kb1 e4 29. Qd2 exf3 30. gxf3 Qf7 31. Qd3 Re8 32. Bf2 Qc7 33. h5 Be5 34. Be3
Rc8 35. Bd2 Qd7 36. Ra1 Bf4 37. Bxf4 Rxf4 38. hxg6 hxg6 39. Ka2 Re8 40. Rag1 Kg7
41. Qd2 1-0

[Event "World Senior 65+ 2014"]
[Site "Katerini GRE"]
[Date "2014.10.28"]
[Round "5.14"]
[White "Kolbak, Jens"]
[Black "Khazankin, Moisei"]
[Result "1-0"]
[WhiteElo "2232"]
[BlackElo "2039"]
[WhiteFideId "1400339"]
[BlackFideId "14115271"]
[EventDate "2014.10.24"]

1. d4 Nf6 2. c4 c5 3. dxc5 e6 4. Nc3 Bxc5 5. Nf3 Nc6 6. e3 O-O 7. Be2 d5 8. cxd5
exd5 9. O-O Bf5 10. a3 Bb6 11. Na4 Bc7 12. b4 Qd6 13. Bb2 Ng4 14. g3 Be4 15. Nh4
Nh6 16. Nc5 Qe7 17. Rc1 Be5 18. Bxe5 Nxe5 19. f3 b6 20. fxe4 bxc5 21. Rxc5 dxe4
22. Qd4 Ng6 23. Nf5 Nxf5 24. Rfxf5 Rad8 25. Rfd5 Rxd5 26. Rxd5 Rc8 27. Bc4 Qc7
28. Rc5 Qd8 29. Rxc8 Qxc8 30. Qxe4 Qd7 31. Qa8+ Nf8 32. Qd5 Qxd5 33. Bxd5 Nd7
34. a4 Kf8 35. Kf2 Ke7 36. Ke2 f6 37. Kd3 Kd6 38. Kd4 Ne5 39. b5 Kc7 40. a5 Nd7
41. h4 Ne5 42. Be4 h6 43. Bd5 Nd7 44. g4 Ne5 45. g5 hxg5 46. hxg5 Nd7 47. g6 Ne5
48. Be4 Kd6 49. Bc2 Nf3+ 50. Kc4 Ne5+ 51. Kb4 Nd7 52. Be4 Nc5 53. Bf5 Nb7 54. a6
Nc5 55. b6 Kc6 56. bxa7 Nxa6+ 57. Ka5 Kb7 58. Bc8+ 1-0

[Event "World Senior 65+ 2014"]
[Site "Katerini GRE"]
[Date "2014.10.28"]
[Round "5.15"]
[White "Baeta, Marcio Netto"]
[Black "Malmdin, Nils-Ake"]
[Result "1/2-1/2"]
[BlackTitle "FM"]
[WhiteElo "2074"]
[BlackElo "2208"]
[WhiteFideId "2112744"]
[BlackFideId "1701584"]
[EventDate "2014.10.24"]

1. e4 g6 2. Bc4 Bg7 3. Nf3 d6 4. Ng5 e6 5. d4 h6 6. Nf3 Ne7 7. Nc3 a6 8. a4 b6
9. O-O Bb7 10. Be3 Nd7 11. Qe2 Nf6 12. e5 Nfd5 13. Nxd5 Nxd5 14. Bd2 O-O 15.
Rad1 a5 16. Rfe1 Nb4 17. c3 d5 18. cxb4 dxc4 19. bxa5 Bd5 20. axb6 1/2-1/2

[Event "World Senior 65+ 2014"]
[Site "Katerini GRE"]
[Date "2014.10.28"]
[Round "5.16"]
[White "Frumson, Yury"]
[Black "Bondar, Leonid"]
[Result "1-0"]
[WhiteTitle "FM"]
[WhiteElo "2179"]
[BlackElo "2061"]
[WhiteFideId "4116402"]
[BlackFideId "2006227"]
[EventDate "2014.10.24"]

1. d4 Nf6 2. c4 e6 3. Nf3 Bb4+ 4. Bd2 Qe7 5. g3 Ne4 6. Bg2 d5 7. a3 Bxd2+ 8.
Nbxd2 Nxd2 9. Qxd2 O-O 10. Rc1 a5 11. O-O c6 12. Rfe1 Nd7 13. Qf4 dxc4 14. Rxc4
Nb6 15. Rc2 Nd5 16. Qc1 Bd7 17. e4 Nb6 18. Qe3 Rfc8 19. Bf1 Na4 20. b3 Nb6 21.
a4 Qb4 22. Rec1 g6 23. Rc3 Kg7 24. h4 Be8 25. h5 h6 26. hxg6 f6 27. Ne1 Bxg6 28.
Nd3 Qe7 29. Nf4 Bf7 30. d5 e5 31. Ne6+ Bxe6 32. dxe6 Qb4 33. Qf3 Qe7 34. Bh3 Rh8
35. Rd3 Rad8 36. Rcd1 Rhf8 37. Bf5 Rxd3 38. Qxd3 Rh8 39. Kg2 h5 40. Qe3 c5 41.
Qc3 Ra8 42. Qf3 Rh8 43. Rh1 Qe8 44. Qc3 Qc6 45. Qf3 Qe8 46. Qe3 Qc6 47. g4 h4
48. g5 Nc8 49. Kh2 Rh5 50. Rg1 Ne7 51. gxf6+ Kxf6 52. Bg4 1-0

[Event "World Senior 65+ 2014"]
[Site "Katerini GRE"]
[Date "2014.10.28"]
[Round "5.17"]
[White "Zhelesny, Stanislav"]
[Black "Bibilashvili, Giorgi"]
[Result "1/2-1/2"]
[WhiteTitle "FM"]
[WhiteElo "2083"]
[BlackElo "2169"]
[WhiteFideId "4115244"]
[BlackFideId "13601873"]
[EventDate "2014.10.24"]

1. Nf3 Nf6 2. g3 b6 3. Bg2 Bb7 4. d4 e6 5. O-O Be7 6. Nbd2 O-O 7. Re1 c5 8. e4
cxd4 9. e5 Ne8 10. Nb3 d6 11. exd6 Nxd6 12. Nbxd4 Nc6 1/2-1/2

[Event "World Senior 65+ 2014"]
[Site "Katerini GRE"]
[Date "2014.10.28"]
[Round "5.18"]
[White "Titz, Heimo"]
[Black "Reynolds, D Ian W"]
[Result "1/2-1/2"]
[WhiteTitle "FM"]
[WhiteElo "2158"]
[BlackElo "2006"]
[WhiteFideId "1601520"]
[BlackFideId "410705"]
[EventDate "2014.10.24"]

1. c4 e5 2. Nc3 Nf6 3. g3 c6 4. d4 exd4 5. Qxd4 Na6 6. Bg5 Be7 7. Bg2 Nc7 8. Nf3
d5 9. cxd5 Ncxd5 10. Nxd5 Qxd5 11. O-O Be6 12. Qxd5 Bxd5 13. Nd4 Bxg2 14. Kxg2
h6 15. Bf4 Nd5 16. Nf5 Nxf4+ 17. gxf4 g6 18. Nxe7 Kxe7 19. Rfd1 Rhd8 20. Kf3 a5
21. a4 f5 22. h4 h5 23. Rac1 Rac8 24. b3 Ke6 25. e3 Rxd1 26. Rxd1 b5 27. Rg1 Kf6
28. Rc1 bxa4 29. bxa4 c5 30. Ke2 c4 31. f3 Ke6 32. e4 Kd6 33. Rg1 Kc5 34. Rxg6
Rd8 35. exf5 c3 36. Rg1 Kc4 37. Rg7 c2 38. Rc7+ Kb3 39. f6 Kb2 40. Rb7+ Ka3 41.
Rc7 Kb2 42. Rb7+ 1/2-1/2

[Event "World Senior 65+ 2014"]
[Site "Katerini GRE"]
[Date "2014.10.28"]
[Round "5.19"]
[White "Skalkotas, Nikolaos"]
[Black "Korenevski, Oleg"]
[Result "1-0"]
[WhiteTitle "IM"]
[WhiteElo "2150"]
[BlackElo "1915"]
[WhiteFideId "4200144"]
[BlackFideId "3206386"]
[EventDate "2014.10.24"]

1. c4 c5 2. Nf3 Nf6 3. Nc3 Nc6 4. d4 cxd4 5. Nxd4 g6 6. e4 Nxd4 7. Qxd4 d6 8.
Be2 Bg7 9. Be3 O-O 10. Qd2 Ng4 11. Bxg4 Bxg4 12. Bh6 Be6 13. h4 Qa5 14. Bxg7
Kxg7 15. h5 g5 16. h6+ Kh8 17. Nd5 Qxd2+ 18. Kxd2 Bxd5 19. exd5 e5 20. dxe6 fxe6
21. Ke3 Rf6 22. Rad1 e5 23. c5 dxc5 24. Rd7 b6 25. Rhd1 Rxh6 26. Re7 Rg6 27.
Rdd7 h6 28. Rxa7 Rxa7 29. Rxa7 Rg7 30. Ra8+ Kh7 31. Rb8 g4 32. Rxb6 g3 33. fxg3
Rxg3+ 34. Kf2 Rd3 35. a4 Rd4 36. a5 Ra4 37. a6 Kg7 38. b3 Ra3 39. g4 Kh7 40. Ke2
e4 41. Kd2 Kg7 42. Kc3 e3 43. Kd3 c4+ 44. Kxc4 e2 45. Re6 Rxa6 46. Rxe2 Rg6 47.
Re4 Rg5 48. b4 h5 49. gxh5 Rxh5 50. Rf4 1-0

[Event "World Senior 65+ 2014"]
[Site "Katerini GRE"]
[Date "2014.10.28"]
[Round "5.20"]
[White "Kronlaks, Olafs"]
[Black "Archangelsky, Mikhail"]
[Result "1/2-1/2"]
[BlackTitle "IM"]
[WhiteElo "1836"]
[BlackElo "2149"]
[WhiteFideId "11604077"]
[BlackFideId "4117573"]
[EventDate "2014.10.24"]

1. e4 e6 2. d4 d5 3. e5 c5 4. c3 Qb6 5. Nf3 Nc6 6. a3 Bd7 7. Be2 Nh6 8. b4 cxd4
9. cxd4 Nf5 10. Bb2 h5 11. O-O Rc8 12. Qd3 Be7 13. Nbd2 a6 14. Rfc1 O-O 15. Nf1
Nb8 16. Ne3 Nxe3 17. Qxe3 Bb5 18. Nd2 Bxe2 19. Qxe2 g6 20. Nb3 Qb5 21. Qxb5 axb5
22. Rxc8 Rxc8 23. Rc1 Rc4 24. f4 Nc6 25. Kf2 Kf8 26. Ke3 Ke8 27. Kd3 Kd7 28. Nd2
Rxc1 29. Bxc1 Bd8 30. Nb1 Ne7 31. Nc3 Kc6 32. Ne2 Nc8 33. g3 Nb6 34. h3 Nc4 35.
Ng1 Kd7 36. Nf3 Ke8 37. g4 hxg4 38. hxg4 f6 39. g5 fxg5 40. fxg5 Kf7 41. Ng1 1/2-1/2

[Event "World Senior 65+ 2014"]
[Site "Katerini GRE"]
[Date "2014.10.28"]
[Round "5.21"]
[White "Wahlbom, Magnus"]
[Black "Krstic, Slobodan AUS"]
[Result "1-0"]
[WhiteElo "2283"]
[BlackElo "2038"]
[WhiteFideId "1700685"]
[BlackFideId "3203379"]
[EventDate "2014.10.24"]

1. d4 g6 2. c4 Bg7 3. Nf3 Nf6 4. Nc3 d6 5. e4 O-O 6. Be2 e5 7. O-O Nc6 8. d5 Ne7
9. b4 Nh5 10. g3 a5 11. Ba3 axb4 12. Bxb4 f5 13. c5 Nf6 14. Ng5 h6 15. cxd6 cxd6
16. Ne6 Bxe6 17. dxe6 Ne8 18. Bf3 Nc6 19. Nd5 Bf6 20. Bc3 Ng7 21. Qb3 Kh8 22.
Qxb7 Qe8 23. Nc7 Qe7 24. Qxc6 Rac8 25. Bb4 Rfd8 26. Ba5 d5 27. Nxd5 Qa3 28. Qb6
Rb8 29. Qe3 Qxa5 30. Qxh6+ Kg8 31. Nxf6+ Kf8 32. Qh8+ Ke7 33. Qxg7+ Kxe6 34.
Qxg6 1-0